000 00549pab a2200181 454500
008 180718b2012 xxu||||| |||| 00| 0 eng d
100 _aSuri, Gunmala
245 _aEmerging role of teachers in pedagogy: Challenges & issues for TQM implementation in higher education in India
260 _c2012
300 _ap.148-172.
650 _aTotal quality management - India
650 _aHigher education - India
650 _aTeachers - India
650 _aTeachers
773 _aResearch Journal Social Sciences
908 _aN
909 _a98147
999 _c98146
_d98146